000 01037cam a22002651 4500
001 gs 53000349
003 DLC
005 20260227111401.0
008 851007s1953 dcuab b 000 0 eng c
010 _ags 53000349
035 _a(OCoLC)12639587
040 _aU.S. Geol. Survey. Libr.
_cTxHR
_dOCoLC
_dDLC
042 _apremarc
050 0 0 _aQE75
_b.C5 no. 287
100 1 _aPree, Henry L.
_q(Henry Louis),
_d1917-
245 1 0 _aPublic and industrial water supplies of the Jackson Purchase region, Kentucky, by H.L. Pree, Jr. and W.H. Walker.
_cPrepared in cooperation with the Agricultural and Industrial Development Board of Kentucky.
260 _aWashington, D.C.
_c1953.
300 _ai, 56 p.
_billus., maps (2 fold. in pocket)
_c27 cm.
440 0 _aGeological Survey circular,
_v287
504 _a"References": p. 56.
650 0 _aGroundwater
_zKentucky
_zJackson Purchase Region.
650 0 _aWater-supply
_zKentucky
_zJackson Purchase Region.
650 0 _aWater
_xComposition.
700 1 _aWalker, William Henry,
_d1924-
999 _c28812
_d28812